| 000 | 00410cam a2200157ua 4500 | ||
|---|---|---|---|
| 003 | OSt | ||
| 008 | 240220b |||||||| |||| 00| 0 eng d | ||
| 041 | _aeng | ||
| 082 |
_a631.42 _bBHA/SA |
||
| 100 |
_aBhargava, G P . _96083 |
||
| 245 | _aSalt affected soils of India: A souce book / | ||
| 250 | _a1 / | ||
| 260 |
_aNew Delhi : _bOxford & IBH Publishing company , _c1989. |
||
| 300 | _a261 ; . | ||
| 942 | _cBK | ||
| 999 |
_c7805 _d7805 |
||